| 000 | 00430nam a2200157Ia 4500 | ||
|---|---|---|---|
| 003 | GCL | ||
| 008 | 140319s9999 xx 000 0 eng d | ||
| 040 |
_aGCL / _cGCL |
||
| 082 | 0 | 4 |
_a915.6 _bH M |
| 100 | 1 | _aHELD, COLBERT | |
| 245 | 1 | 0 |
_aMIDDLE EAST PATTERNS: PLACES PEOPLES AND POLITICS / _cHELD, COLBERT |
| 260 |
_a[S.N] : _bWESTVIEW PRESS ، _c1994 |
||
| 300 | _a484\P | ||
| 650 | 0 | 4 | _aMIDDLE EAST - GEOGRAPHY |
| 942 |
_2ddc _cBK |
||
| 999 |
_c11851 _d11851 |
||